[Event "Lima Palma Memorial U1850 1st"]
[Site "Lima"]
[Date "2018.01.27"]
[Round "6.13"]
[White "Puchuri Torres, Joseph Ricardo"]
[Black "Reynaga, Roland"]
[Result "0-1"]
[WhiteElo "1114"]
[BlackElo "1728"]
[PlyCount "40"]
[EventDate "2018.01.23"]
[EventType "swiss"]
[EventRounds "8"]
[EventCountry "PER"]
[SourceTitle "EXT 2024"]
[Source "ChessBase"]
[SourceDate "2023.10.10"]
[SourceVersion "1"]
[SourceVersionDate "2023.10.10"]
[SourceQuality "1"]

1. d4 Nf6 2. Nf3 d5 3. Bf4 c5 4. c3 Nc6 5. e3 e6 6. Be2 Be7 7. 0-0 Nh5 8. Bg5 Bxg5 9. Nxg5 Qxg5 10. Bxh5 cxd4 11. cxd4 0-0 12. Qg4 Qe7 13. Nd2 e5 14. Qf3 Qg5 15. dxe5 g6 16. Bxg6 hxg6 17. Qxd5 Rd8 18. Nf3 Qxg2+ 19. Kxg2 Rxd5 20. Rfd1 Be6 0-1

[Event "Lima Palma Memorial U1850 1st"]
[Site "Lima"]
[Date "2018.01.25"]
[Round "5.13"]
[White "Reynaga, Roland"]
[Black "Galindo Canari, Renzo Salim"]
[Result "1/2-1/2"]
[WhiteElo "1728"]
[BlackElo "1470"]
[PlyCount "52"]
[EventDate "2018.01.23"]
[EventType "swiss"]
[EventRounds "8"]
[EventCountry "PER"]
[SourceTitle "EXT 2024"]
[Source "ChessBase"]
[SourceDate "2023.10.10"]
[SourceVersion "1"]
[SourceVersionDate "2023.10.10"]
[SourceQuality "1"]

1. Nf3 Nf6 2. d4 d5 3. Bf4 Bf5 4. e3 e6 5. Nbd2 a6 6. Be2 Bd6 7. Bg3 Bxg3 8. hxg3 Nbd7 9. Nh4 Ne4 10. g4 Nxd2 11. Qxd2 Bg6 12. Nxg6 fxg6 13. Bd3 Qf6 14. f4 h6 15. c4 g5 16. g3 gxf4 17. gxf4 dxc4 18. Bxc4 Nb6 19. Bb3 0-0-0 20. 0-0-0 Kb8 21. Kb1 Ka7 22. Rc1 Rd7 23. g5 Qf7 24. gxh6 Rxh6 25. Rxh6 gxh6 26. Rh1 Qf6 1/2-1/2

[Event "Lima Palma Memorial U1850 1st"]
[Site "Lima"]
[Date "2018.01.22"]
[Round "1.9"]
[White "Reynaga, Roland"]
[Black "Chavez Bautista, Lennin Alfredo"]
[Result "1-0"]
[WhiteElo "1728"]
[BlackElo "1184"]
[PlyCount "61"]
[EventDate "2018.01.23"]
[EventType "swiss"]
[EventRounds "8"]
[EventCountry "PER"]
[SourceTitle "EXT 2024"]
[Source "ChessBase"]
[SourceDate "2023.10.10"]
[SourceVersion "1"]
[SourceVersionDate "2023.10.10"]
[SourceQuality "1"]

1. Nf3 Nc6 2. e4 e5 3. d4 exd4 4. Bc4 Bb4+ 5. c3 dxc3 6. bxc3 Ba5 7. 0-0 d6 8. Qb3 Qf6 9. Re1 Be6 10. Bxe6 Qxe6 11. Qxb7 Rb8 12. Qxc6+ Qd7 13. Qd5 Bb6 14. e5 Ne7 15. exd6 cxd6 16. Bg5 Bd8 17. Bxe7 Bxe7 18. Nd4 0-0 19. Nc6 Rbe8 20. Nxe7+ Rxe7 21. Nd2 Rfe8 22. Nf3 h6 23. Rxe7 Rxe7 24. Rd1 Re6 25. Kf1 Kf8 26. Nd4 Rf6 27. Nb5 a6 28. Nxd6 Ke7 29. Nf5+ Qxf5 30. Qd8+ Ke6 31. Qd6# 1-0

[Event "PER-ch"]
[Site "Lima"]
[Date "2017.03.03"]
[Round "5"]
[White "Estrada Zeta, Erick"]
[Black "Reynaga, Roland"]
[Result "1-0"]
[WhiteElo "1933"]
[BlackElo "1722"]
[PlyCount "101"]
[EventDate "2017.03.01"]
[EventType "swiss"]
[EventRounds "9"]
[EventCountry "PER"]
[SourceTitle "CBM 177 Extra"]
[Source "ChessBase"]
[SourceDate "2017.04.27"]
[SourceVersion "1"]
[SourceVersionDate "2017.04.27"]
[SourceQuality "1"]

1. c4 Nf6 2. Nc3 e6 3. g3 d5 4. cxd5 exd5 5. Bg2 c6 6. d4 Bd6 7. Nf3 Nbd7 8. Qc2 Nf8 9. 0-0 Ng6 10. Re1 0-0 11. Bg5 h6 12. Bxf6 Qxf6 13. e4 dxe4 14. Nxe4 Qf5 15. Qb3 Bc7 16. Nc3 Rd8 17. Rad1 Ba5 18. Ne5 Be6 19. Nxg6 Qxg6 20. Qxb7 Rab8 21. Qa6 Bb6 22. Qa4 Bg4 23. Rd2 Qg5 24. Re3 Re8 25. h4 Qf5 26. Be4 Qf6 27. Qxc6 Bxd4 28. Qxf6 Bxf6 29. Kg2 Be6 30. Bf3 Rec8 31. Nd5 Bxd5 32. Bxd5 Kf8 33. b3 a5 34. Bc4 Rd8 35. Rde2 Rdc8 36. a4 Rc7 37. Kh3 Re7 38. Rxe7 Bxe7 39. Re5 Bb4 40. f4 g6 41. h5 Kg7 42. hxg6 fxg6 43. Rb5 Rxb5 44. axb5 Kf6 45. b6 g5 46. Kg4 h5+ 47. Kxh5 gxf4 48. g4 Ke5 49. b7 Bd6 50. g5 Kf5 51. g6 1-0